| 000 | 01212nam a2200325 i 4500 | ||
|---|---|---|---|
| 001 | 000038429 | ||
| 003 | DO-SdBNP | ||
| 005 | 20260603090847.0 | ||
| 007 | ta | ||
| 008 | 130411s2012 dr r 000 0 spa d | ||
| 020 | _a9789945074482 | ||
| 040 |
_aDO-SdBNP _bspa _cBNPHU _erda |
||
| 041 | _aspa | ||
| 082 | 4 |
_a972.904 _bF825r 2012 _222 |
|
| 100 | 1 |
_aFranco Ferrán, José Luciano, _d1891-1906 _eautor _4aut. _964774 |
|
| 245 | 1 | 0 |
_aRevoluciones y conflictos internacionales en el caribe 1789-1854 / _cJosé Luciano Franco Ferrán. |
| 264 | 4 |
_aSanto Domingo, República Dominicana : _bArchivo General de la Nación, _c©2012. |
|
| 300 |
_a481 páginas ; _c23 cm. |
||
| 336 |
_atexto _btxt _2rdacontent |
||
| 337 |
_asin mediación _bn _2rdamedia |
||
| 338 |
_avolumen _bnc _2rdacarrier |
||
| 490 | 0 |
_aColección Archivo General de la Nación _v154 |
|
| 500 | _aIncluye índice onomástico | ||
| 500 | _aIncluye referencias bibliográficas y notas al pie de las páginas | ||
| 504 | _aBibliografía: páginas 453-457 | ||
| 590 | _aInventariado, 2019/BT | ||
| 651 | 7 |
_aCaribe (Región) _xHistoria _y1789-1854 _2LIBRUNAM _989837 |
|
| 910 | _aBtavárez /Validado. Control de calidad MFF | ||
| 942 |
_2ddc _cLBS1 |
||
| 999 |
_c37919 _d37919 |
||